000 00478nam a2200181Ia 4500
005 20250326140942.0
008 250326s9999 xx 000 0 und d
037 _aTextbook
040 _aFMSL
_beng
_cFMSL
041 _aeng
_2eng
084 _aXogB L7;1
_qFMSL
100 _aMaddala G S
245 0 _aEconometrics
_cMaddala G S
260 _aNew Delhi
_bNew Delhi, McGraw-Hill
_c1977
300 _a516p
942 _cTB
_hXogB L7;1
999 _c1288011
_d1288011